Načítá se...

Lingerings of light in a dark land : being researches into the past history and present condition of the Syrian church of Malabar.

Podrobná bibliografie
Hlavní autor: Whitehouse, Thomas
Médium: Printed Book
Vydáno: London William Brown and Co. 1873
Témata:
On-line přístup:http://10.26.1.76/ks/006400.pdf
LEADER 00665nam a22001217a 4500
100 |a Whitehouse, Thomas  |9 41130 
245 |a Lingerings of light in a dark land : being researches into the past history and present condition of the Syrian church of Malabar. 
260 |a London  |b William Brown and Co.  |c 1873 
650 |a DIGITAL BOOK ARCHIVE;  |a SYRIAN CHRISTIANS - HISTORY;  |a CHRISTIANITY - HISTORY;  |a CHURCH HISTORY;  |a JESUITS HISTORY;  |a UDAYAMPEROOR;  |a BAREFOOTED CARMELITE MISSION;  |a EARLIEST CHRISTIAN SETTLEMENTS  |9 41131 
856 |u http://10.26.1.76/ks/006400.pdf 
942 |c KS 
999 |c 91862  |d 91862 
952 |0 0  |1 0  |4 0  |7 0  |9 84443  |a MGUL  |b MGUL  |d 2016-09-24  |l 0  |r 2016-09-24  |w 2016-09-24  |y KS